000 nam a22 7a 4500
999 _c7221
_d7221
008 170731b xxu||||| |||| 00| 0 eng d
100 _93797
_aFortune
245 _aEncyclopedia of Chemistry and Physics
260 _aNew Delhi
_bFortune Books
_c2004